[Event "EU-ch rapid"]
[Site "Tallinn"]
[Date "2016.12.16"]
[Round "8"]
[White "Seeman, Tarvo"]
[Black "Ponomariov, Ruslan"]
[Result "0-1"]
[WhiteElo "2420"]
[BlackElo "2709"]
[PlyCount "74"]
[EventDate "2016.12.15"]
[EventType "swiss (rapid)"]
[EventRounds "11"]
[EventCountry "EST"]
[SourceTitle "CBM 176 Extra"]
[Source "ChessBase"]
[SourceDate "2017.03.02"]
[SourceVersion "1"]
[SourceVersionDate "2017.03.02"]
[SourceQuality "1"]

1. Nf3 b6 2. g3 Bb7 3. Bg2 g6 4. O-O Bg7 5. d3 d5 6. Nbd2 Nf6 7. e4 dxe4 8.
dxe4 O-O 9. e5 Ng4 10. e6 f5 11. Qe2 Na6 12. Nb3 c5 13. Rd1 Qc8 14. Rd7 c4 15.
Nbd4 Nc5 16. Rxe7 Ne4 17. Bf4 Bd5 18. Rf1 Bxd4 19. Nxd4 Qc5 20. Rc7 Qxd4 21. c3
Qd3 22. Qxd3 cxd3 23. f3 g5 24. e7 Rfc8 25. fxe4 fxe4 26. Rxc8+ Rxc8 27. Bd6
Kg7 28. h3 Ne3 29. Rf8 d2 30. Be5+ Kg6 31. Rf6+ Kh5 32. g4+ Nxg4 33. hxg4+ Kxg4
34. Rf1 Bc4 35. Rd1 e3 36. Bf1 Bxf1 37. Kxf1 Kf3 0-1

[Event "EU-ch rapid"]
[Site "Tallinn"]
[Date "2016.12.16"]
[Round "9"]
[White "Zakhartsov, Vladimir"]
[Black "Ponomariov, Ruslan"]
[Result "0-1"]
[WhiteElo "2453"]
[BlackElo "2709"]
[PlyCount "76"]
[EventDate "2016.12.15"]
[EventType "swiss (rapid)"]
[EventRounds "11"]
[EventCountry "EST"]
[SourceTitle "CBM 176 Extra"]
[Source "ChessBase"]
[SourceDate "2017.03.02"]
[SourceVersion "1"]
[SourceVersionDate "2017.03.02"]
[SourceQuality "1"]

1. e4 c5 2. Nf3 e6 3. g3 Nc6 4. Bg2 Nf6 5. d3 d6 6. O-O Be7 7. Re1 O-O 8. c3
Bd7 9. d4 d5 10. exd5 exd5 11. Ne5 Re8 12. Bg5 Be6 13. Nd2 cxd4 14. Nxc6 bxc6
15. cxd4 h6 16. Bxf6 Bxf6 17. Qa4 Bd7 18. Rxe8+ Qxe8 19. Nb3 c5 20. Qa5 cxd4
21. Re1 Qf8 22. Bxd5 Rd8 23. Qxa7 d3 24. Be4 Be6 25. Rd1 Bxb3 26. axb3 d2 27.
Qa5 Qd6 28. b4 Qe6 29. Bf3 g5 30. h3 Qxh3 31. b5 Qf5 32. Be2 Qd5 33. Qb4 Bd4
34. Bc4 Qf3 35. Rxd2 Qxg3+ 36. Kf1 Qh3+ 37. Ke1 Qh1+ 38. Ke2 Re8+ 0-1

[Event "EU-ch rapid"]
[Site "Tallinn"]
[Date "2016.12.16"]
[Round "10"]
[White "Ponomariov, Ruslan"]
[Black "Andriasian, Zaven"]
[Result "1-0"]
[WhiteElo "2709"]
[BlackElo "2621"]
[PlyCount "118"]
[EventDate "2016.12.15"]
[EventType "swiss (rapid)"]
[EventRounds "11"]
[EventCountry "EST"]
[SourceTitle "CBM 176 Extra"]
[Source "ChessBase"]
[SourceDate "2017.03.02"]
[SourceVersion "1"]
[SourceVersionDate "2017.03.02"]
[SourceQuality "1"]

1. d4 d5 2. c4 c6 3. cxd5 cxd5 4. Bf4 Nc6 5. e3 Nf6 6. Nc3 Bf5 7. Qb3 Na5 8.
Qa4+ Bd7 9. Qc2 Rc8 10. Bd3 e6 11. h3 b5 12. a3 h6 13. Nf3 b4 14. axb4 Bxb4 15.
O-O O-O 16. Ne5 Qb6 17. Na4 Qd8 18. Nc5 Qe7 19. Ba6 Bxc5 20. Bxc8 Rxc8 21. dxc5
Rxc5 22. Qd1 Rb5 23. Ra3 Nc6 24. Nxc6 Bxc6 25. Qd4 a5 26. Rc1 Rb4 27. Qe5 Qb7
28. Rac3 Rc4 29. b3 Rxc3 30. Qxc3 Bd7 31. Bxh6 Qb5 32. Bf4 Ne4 33. Qc2 a4 34.
bxa4 Qxa4 35. Qxa4 Bxa4 36. f3 Nf6 37. Kf2 Bb5 38. Rc7 Nd7 39. Rc8+ Kh7 40. g4
Kg6 41. Bd6 f6 42. f4 Kf7 43. h4 Ba4 44. Kg3 Bb5 45. Rc7 f5 46. h5 fxg4 47.
Kxg4 Kf6 48. Be5+ Kf7 49. Kg5 Ba4 50. Bd4 Bb5 51. Ra7 Bc6 52. f5 exf5 53. Ra6
Bb5 54. Rg6 Nf8 55. Rxg7+ Ke8 56. Kf6 Nd7+ 57. Kxf5 Bd3+ 58. Ke6 Nf8+ 59. Kxd5
Bc2 1-0

[Event "EU-ch rapid"]
[Site "Tallinn"]
[Date "2016.12.16"]
[Round "11"]
[White "Vitiugov, Nikita"]
[Black "Ponomariov, Ruslan"]
[Result "1/2-1/2"]
[WhiteElo "2726"]
[BlackElo "2709"]
[PlyCount "60"]
[EventDate "2016.12.15"]
[EventType "swiss (rapid)"]
[EventRounds "11"]
[EventCountry "EST"]
[SourceTitle "CBM 176 Extra"]
[Source "ChessBase"]
[SourceDate "2017.03.02"]
[SourceVersion "1"]
[SourceVersionDate "2017.03.02"]
[SourceQuality "1"]

1. d4 Nf6 2. c4 e6 3. Nc3 Bb4 4. Nf3 b6 5. e3 O-O 6. Bd3 d5 7. O-O Ba6 8. cxd5
exd5 9. Bxa6 Nxa6 10. Qa4 Qc8 11. Bd2 Re8 12. Rac1 Bf8 13. Ne2 c5 14. dxc5 bxc5
15. Ng3 Ne4 16. Rfd1 Qb7 17. Be1 Nc7 18. b3 Rad8 19. Qa5 Nxg3 20. hxg3 Ne6 21.
Qa4 Re7 22. Qg4 Qa6 23. Qf5 g6 24. Qc2 Bg7 25. b4 Rc7 26. bxc5 Rxc5 27. Qb3
Rxc1 28. Rxc1 d4 29. exd4 Bxd4 30. Qc4 Qxc4 1/2-1/2

[Event "EU-ch blitz"]
[Site "Tallinn"]
[Date "2016.12.18"]
[Round "22"]
[White "Wojtaszek, Radoslaw"]
[Black "Ponomariov, Ruslan"]
[Result "1/2-1/2"]
[WhiteElo "2749"]
[BlackElo "2709"]
[PlyCount "86"]
[EventDate "2016.12.17"]
[EventType "swiss (blitz)"]
[EventRounds "26"]
[EventCountry "EST"]
[SourceTitle "CBM 176 Extra"]
[Source "ChessBase"]
[SourceDate "2017.03.02"]
[SourceVersion "1"]
[SourceVersionDate "2017.03.02"]
[SourceQuality "1"]

1. Nf3 b6 2. c4 Bb7 3. Nc3 Nf6 4. g3 e6 5. Bg2 Bb4 6. Qc2 O-O 7. O-O c5 8. a3
Bxc3 9. Qxc3 d5 10. cxd5 Nxd5 11. Qc2 Nc6 12. b3 e5 13. Bb2 Re8 14. e3 Nf6 15.
d3 Qd7 16. Rfd1 Rad8 17. Rac1 h6 18. h3 Ba8 19. Bc3 a5 20. Qb2 Qe6 21. Nd2 Rxd3
22. Nc4 Rxd1+ 23. Rxd1 Ne7 24. Rd6 Qf5 25. g4 Nxg4 26. hxg4 Qxg4 27. f3 Bxf3
28. Nxe5 Qxg2+ 29. Qxg2 Bxg2 30. Kxg2 Nf5 31. Rd3 f6 32. Nc4 b5 33. Nxa5 Nxe3+
34. Kf3 Nc2 35. Nb7 c4 36. bxc4 bxc4 37. Nd6 cxd3 38. Nxe8 Nxa3 39. Ke3 Nb5 40.
Bxf6 gxf6 41. Nxf6+ Kg7 42. Ng4 h5 43. Ne5 Kf6 1/2-1/2

[Event "PRO League Central"]
[Site "Chess.com INT"]
[Date "2017.01.25"]
[Round "3"]
[White "Kazhgaleyev, Murtas"]
[Black "Ponomariov, Ruslan"]
[Result "1/2-1/2"]
[WhiteElo "2594"]
[BlackElo "2709"]
[PlyCount "32"]
[EventDate "2017.01.11"]
[EventType "team-swiss (rapid)"]
[EventRounds "7"]
[EventCountry "USA"]
[SourceTitle "CBM 176 Extra"]
[Source "ChessBase"]
[SourceDate "2017.03.02"]
[SourceVersion "1"]
[SourceVersionDate "2017.03.02"]
[SourceQuality "1"]
[WhiteTeam "Cannes Blockbusters"]
[BlackTeam "Dublin Desperados"]
[WhiteTeamCountry "FRA"]
[BlackTeamCountry "IRQ"]

1. d4 Nf6 2. c4 c5 3. d5 e6 4. Nc3 exd5 5. cxd5 d6 6. e4 g6 7. h3 Bg7 8. Nf3
O-O 9. Bd3 a6 10. a4 Nbd7 11. O-O Nh5 12. Bg5 Bf6 13. Be3 Re8 14. Qd2 Ne5 15.
Be2 Nxf3+ 16. Bxf3 Ng7 1/2-1/2

[Event "PRO League Central"]
[Site "Chess.com INT"]
[Date "2017.01.25"]
[Round "3"]
[White "Kazhgaleyev, Murtas"]
[Black "Ponomariov, Ruslan"]
[Result "1/2-1/2"]
[WhiteElo "2594"]
[BlackElo "2709"]
[PlyCount "70"]
[EventDate "2017.01.11"]
[EventType "team-swiss (rapid)"]
[EventRounds "7"]
[EventCountry "USA"]
[SourceTitle "CBM 176 Extra"]
[Source "ChessBase"]
[SourceDate "2017.03.02"]
[SourceVersion "1"]
[SourceVersionDate "2017.03.02"]
[SourceQuality "1"]
[WhiteTeam "Cannes Blockbusters"]
[BlackTeam "Dublin Desperados"]
[WhiteTeamCountry "FRA"]
[BlackTeamCountry "IRQ"]

1. d4 Nf6 2. c4 c5 3. d5 b5 4. cxb5 a6 5. bxa6 g6 6. Nc3 Bg7 7. e4 O-O 8. Nf3
Qa5 9. Bd2 Bxa6 10. Be2 d6 11. O-O Nbd7 12. a4 Rfb8 13. Nb5 Qb6 14. Qc2 Ne8 15.
Bc3 Nc7 16. Nxc7 Qxc7 17. Bxa6 Rxa6 18. Nd2 Qb7 19. Bxg7 Kxg7 20. b3 Qb4 21.
Rfc1 Ne5 22. Qc3 Qxc3 23. Rxc3 Rb4 24. h3 g5 25. Kf1 Kg6 26. Ke2 f5 27. exf5+
Kxf5 28. Nf1 Kg6 29. Ne3 h5 30. f3 Ra8 31. Nc2 Rb6 32. Na3 Rb4 33. Nc2 Rb6 34.
Na3 Rb4 35. Nc2 Rb6 1/2-1/2

[Event "PRO League Central"]
[Site "Chess.com INT"]
[Date "2017.01.25"]
[Round "3"]
[White "Perez, Flavio"]
[Black "Ponomariov, Ruslan"]
[Result "0-1"]
[WhiteElo "2304"]
[BlackElo "2709"]
[PlyCount "84"]
[EventDate "2017.01.11"]
[EventType "team-swiss (rapid)"]
[EventRounds "7"]
[EventCountry "USA"]
[SourceTitle "CBM 176 Extra"]
[Source "ChessBase"]
[SourceDate "2017.03.02"]
[SourceVersion "1"]
[SourceVersionDate "2017.03.02"]
[SourceQuality "1"]
[WhiteTeam "Cannes Blockbusters"]
[BlackTeam "Dublin Desperados"]
[WhiteTeamCountry "FRA"]
[BlackTeamCountry "IRQ"]

1. e4 e5 2. Nf3 Nc6 3. Bc4 Nf6 4. d3 Be7 5. c3 O-O 6. O-O d6 7. a4 Kh8 8. Na3
Ng8 9. Nc2 f5 10. exf5 Bxf5 11. Ne3 Bg6 12. a5 a6 13. Qb3 Rb8 14. h3 Nf6 15.
Ng5 Qd7 16. Bf7 Nh5 17. Bxg6 hxg6 18. Nd5 Bxg5 19. Bxg5 Qe6 20. Qc4 Rf7 21. Ra4
Rbf8 22. Be3 Nf6 23. Nb4 d5 24. Qh4+ Kg8 25. Nxc6 Qxc6 26. Rb4 e4 27. Rd1 Re8
28. Qg5 Nh7 29. Qg4 exd3 30. Rxd3 Rf5 31. Rf4 Rxf4 32. Qxf4 Nf6 33. Qg5 Kf7 34.
Rd4 Qd6 35. Rf4 c5 36. b4 d4 37. bxc5 dxe3 38. cxd6 e2 39. Qd5+ Kf8 40. d7
e1=Q+ 41. Kh2 Rd8 42. Rh4 Nxd5 0-1

[Event "PRO League Central"]
[Site "Chess.com INT"]
[Date "2017.01.25"]
[Round "3"]
[White "Ponomariov, Ruslan"]
[Black "Cornette, Deimante"]
[Result "1-0"]
[WhiteElo "2709"]
[BlackElo "2447"]
[PlyCount "75"]
[EventDate "2017.01.11"]
[EventType "team-swiss (rapid)"]
[EventRounds "7"]
[EventCountry "USA"]
[SourceTitle "CBM 176 Extra"]
[Source "ChessBase"]
[SourceDate "2017.03.02"]
[SourceVersion "1"]
[SourceVersionDate "2017.03.02"]
[SourceQuality "1"]
[WhiteTeam "Dublin Desperados"]
[BlackTeam "Cannes Blockbusters"]
[WhiteTeamCountry "IRQ"]
[BlackTeamCountry "FRA"]

1. e4 d6 2. d4 Nf6 3. f3 d5 4. e5 Nfd7 5. c4 e6 6. cxd5 exd5 7. Nc3 Nb6 8. Be3
Bf5 9. g4 Be6 10. Nh3 h5 11. Ng5 Be7 12. Nxe6 Bh4+ 13. Kd2 fxe6 14. Qc2 Qe7 15.
Bb5+ c6 16. Qg6+ Kd8 17. Be2 N8d7 18. gxh5 Kc7 19. Rhg1 Rag8 20. Kc2 Kb8 21.
Rg2 c5 22. Rag1 cxd4 23. Bxd4 Rc8 24. Qxg7 Qb4 25. Rg4 Rxh5 26. Bxb6 Qxb6 27.
Qxd7 Rxe5 28. R1g2 Be1 29. Rg8 Rxe2+ 30. Rxe2 Rxg8 31. Rxe1 Rg2+ 32. Re2 Rxe2+
33. Nxe2 Qc5+ 34. Kd1 a6 35. Qxe6 Qc4 36. Qe5+ Ka8 37. Qh8+ Ka7 38. Qd4+ 1-0

[Event "PRO League Central"]
[Site "Chess.com INT"]
[Date "2017.01.25"]
[Round "3"]
[White "Ponomariov, Ruslan"]
[Black "Cornette, Matthieu"]
[Result "1/2-1/2"]
[WhiteElo "2709"]
[BlackElo "2586"]
[PlyCount "89"]
[EventDate "2017.01.11"]
[EventType "team-swiss (rapid)"]
[EventRounds "7"]
[EventCountry "USA"]
[SourceTitle "CBM 176 Extra"]
[Source "ChessBase"]
[SourceDate "2017.03.02"]
[SourceVersion "1"]
[SourceVersionDate "2017.03.02"]
[SourceQuality "1"]
[WhiteTeam "Dublin Desperados"]
[BlackTeam "Cannes Blockbusters"]
[WhiteTeamCountry "IRQ"]
[BlackTeamCountry "FRA"]

1. e4 c5 2. Nf3 Nc6 3. d4 cxd4 4. Nxd4 e5 5. Nb5 d6 6. N1c3 a6 7. Na3 Be7 8.
Be3 Nf6 9. Nc4 b5 10. Nb6 Rb8 11. Nxc8 Qxc8 12. Be2 O-O 13. O-O b4 14. Nd5 Nxe4
15. a4 a5 16. Rc1 Bg5 17. Bxg5 Nxg5 18. Bb5 Kh8 19. c3 b3 20. Qxb3 Na7 21. c4
Nc6 22. c5 dxc5 23. Rxc5 Ne6 24. Rc3 Ned4 25. Qc4 Na7 26. Qxc8 Rfxc8 27. Rxc8+
Rxc8 28. f4 exf4 29. Nc3 g5 30. Rd1 Nac6 31. Ne4 h6 32. Nd6 Rb8 33. Nxf7+ Kg7
34. Nxh6 Kxh6 35. Bxc6 Rd8 36. Re1 Nxc6 37. Re6+ Kh5 38. Rxc6 Rd1+ 39. Kf2 Rd2+
40. Kf3 Rxb2 41. Rc5 Rb3+ 42. Kf2 Rb2+ 43. Kf3 Rb3+ 44. Kf2 Rb2+ 45. Kf3
1/2-1/2

[Event "PRO League Stage"]
[Site "Chess.com INT"]
[Date "2017.02.11"]
[Round "5"]
[White "Mukumbya, Benjamin"]
[Black "Ponomariov, Ruslan"]
[Result "0-1"]
[WhiteElo "1901"]
[BlackElo "2709"]
[PlyCount "78"]
[EventDate "2017.01.11"]
[EventType "team-swiss (rapid)"]
[EventRounds "7"]
[EventCountry "USA"]
[SourceTitle "CBM 176 Extra"]
[Source "ChessBase"]
[SourceDate "2017.03.02"]
[SourceVersion "1"]
[SourceVersionDate "2017.03.02"]
[SourceQuality "1"]
[WhiteTeam "Seattle Sluggers"]
[BlackTeam "Dublin Desperados"]
[WhiteTeamCountry "USA"]
[BlackTeamCountry "IRQ"]

1. Nf3 b6 2. g3 Bb7 3. Bg2 g6 4. O-O Bg7 5. c3 Nf6 6. d4 O-O 7. Nbd2 c5 8. Re1
cxd4 9. cxd4 Nc6 10. e4 d6 11. Nf1 Rc8 12. Bd2 e6 13. Bc3 b5 14. a3 a5 15. Qd3
b4 16. axb4 Nxb4 17. Bxb4 axb4 18. Rec1 Bxe4 19. Qb3 Qb6 20. N1d2 Bd5 21. Qd3
Rc6 22. Rxc6 Qxc6 23. h3 Rc8 24. Kh2 Bh6 25. Bh1 Qc2 26. Qa6 Ra8 27. Qxa8+ Bxa8
28. Rxa8+ Kg7 29. Nf1 Qxf2+ 30. Bg2 Qxb2 31. Rd8 Ne4 32. Rd7 b3 33. Rb7 Qc2 34.
Ne1 Qe2 35. Rxb3 Qxe1 36. Rd3 d5 37. h4 Nd2 38. Nxd2 Bxd2 39. Kh3 Be3 0-1

[Event "EU-ch 18th"]
[Site "Minsk"]
[Date "2017.06.09"]
[Round "10"]
[White "Ponomariov, Ruslan"]
[Black "Mchedlishvili, Mikheil"]
[Result "1-0"]
[WhiteElo "2712"]
[BlackElo "2605"]
[Annotator "Roiz,M"]
[PlyCount "85"]
[EventDate "2017.05.30"]
[EventType "swiss"]
[EventRounds "11"]
[EventCountry "BLR"]
[SourceTitle "CBM 179"]
[Source "ChessBase"]
[SourceDate "2017.07.12"]
[SourceVersion "1"]
[SourceVersionDate "2017.07.12"]
[SourceQuality "1"]

1. e4 c6 2. d4 d5 3. e5 Bf5 4. h4 h5 5. Bd3 Bxd3 6. Qxd3 Qa5+ {GM
Mchedlishvili is deviating from the main theoretical paths.} ({The most common
conitunuation is} 6... e6 7. Bg5 {, and now Black can either enter into wild
complications with} Qb6 ({Or choose the more modest} 7... Be7 8. Nf3 {, but it
doesn't necessarily takes the game to quiet paths.}) 8. Nd2 c5 9. c4 Qxb2) 7.
Nd2 {This looks most challenging. White is developing another piece and making
the c2-c4 advance possible again.} ({The following alternatives do not seem to
seriously bother Black:} 7. c3 e6 8. Ne2 Qa6 9. Qf3 c5 10. O-O Nc6 $132 {
Anand,V (2779)-Vidit,S (2689) Doha QAT 2016}) (7. Bd2 Qa6 8. e6 Qxd3 9. exf7+
Kxf7 10. cxd3 Nh6 11. Nf3 Nd7 12. Nc3 g6 13. Ne2 Nf5 $11 {Adhiban,B (2682)
-Donchenko,A (2553) Moscow RUS 2017}) 7... e6 8. Ngf3 Nh6 ({In the following
recent game White had compensation for a pawn after} 8... Qa6 9. c4 Nh6 10. O-O
Nf5 11. b3 Be7 12. a4 Bxh4 13. Ba3 $44 {Sutovsky,E (2650)-Anton Guijarro,D 
(2679) Poikovsky RUS 2017}) 9. O-O Nf5 10. c4 Be7 11. g3 $146 {A natural
novelty. White is just protecting the Ph4 and keeping the tension in the
centre.} ({The previously played} 11. cxd5 cxd5 12. Nb3 Qa6 13. Qc3 Nc6 14. Bg5
Rc8 {was very comfortable for Black in Riff,J (2499)-Roiz,M (2600) Berlin GER
2015}) 11... Nd7 12. b3 Rd8 {Black isn't happy with castling, but leaving the
king in the centre is a risky decision.} (12... O-O $5 {was worth serious
consideration:} 13. Bb2 Rfc8 14. a4 Qa6 15. Qc2 c5 $132) 13. Qc2 Nf8 $5 {
This original move is connected with an interesting attacking idea.} ({Now the
same approach would be less effective:} 13... O-O 14. Bb2 Rc8 15. c5 $1 (15.
Rfd1 c5 $132) 15... Qc7 16. b4 $14 {White is better due to a big space
advantage.}) 14. Bb2 $6 {Now recognising the opponent's plan.} ({A much more
precise move would be} 14. Rd1 $1 {leaving the Bc1 on its initial spot for a
while} dxc4 15. Bb2 $1 cxb3 16. axb3 Qb5 17. Rxa7 Ng6 18. Ne4 {, and White's
play seems easier.}) 14... Rg8 $6 {Returning the favour!} ({After} 14... Nh7 $1
15. Bc3 Qa6 $36 {the g7-g5 advance is unstoppable, so White's king would be in
big danger.}) 15. Ng5 $1 {Keeping the g-file locked is crucial for Ruslan!}
Bxg5 16. hxg5 Ng6 {The exchange of one minor piece is definitely in Black's
favour, so now the position is balanced.} 17. Nf3 h4 $2 {An unsuccessful
decision - now Black's setup loses its stability.} ({A much better try was} 
17... c5 18. dxc5 Qxc5 19. Rac1 h4 20. g4 Nfe7 $132) 18. g4 Nfe7 19. Rfe1 $2 {
The position is very complicated, so both players are committing many mistakes.
} ({No doubt, there was the much stronger} 19. c5 $1 b6 20. Bc3 Qa6 21. Qd2 $16
{neutraliing any counterplay for Black.}) 19... Rh8 $6 ({As earlier, Black
could have activated most of his pieces by means of} 19... c5 $1 20. dxc5 Qxc5
21. a4 Nc6 22. Ba3 Nd4 $1 $132) 20. Re3 $6 ({In his turn, Ruslan is again
ignoring the thematic} 20. c5 $1 $16) 20... Rd7 21. a4 Qd8 $2 {Mikheil is
missing the last chance to gain some space.} ({Once again, Black had to play} 
21... c5 $1 22. dxc5 Nc6 23. cxd5 Rxd5 $132) 22. Kh2 (22. c5 $1 {was very
strong again, but this is another story!}) 22... Nf4 $2 ({Even though} 22... c5
23. dxc5 dxc4 24. Qxc4 $14 {doesn't provide Black enough play for a pawn, it
would be still a better choice!}) 23. Rd1 {Now Black is doomed to passive
defence.} Neg6 24. Bc1 {The bishop is coming back, so the Nf4 is somewhat
hanging now.} h3 25. c5 $1 {Finally Ruslan manages to find the correct plan -
Black has nothing to pit against a storm by White's q-side pawns.} Qe7 26. Rg1
({There was nothing wrong also with} 26. b4 $5) 26... Rd8 27. b4 {A sad
picture - Black's setup lacks any constructive ideas.} a6 28. Rg3 {Ruslan is
not in a rush.} Kd7 29. Rb3 Ra8 30. Qb2 Rhc8 31. Be3 {Slowly preparing the
decisive break.} Ng2 32. Rxh3 N2f4 (32... Nxe3 33. fxe3 Rh8 34. Rxh8 Rxh8+ 35.
Kg3 $18 {is absolutely hopeless - still no counterplay!}) 33. Bxf4 Nxf4 34. Rh7
Qf8 35. Kg3 Ng6 36. Ne1 {Now White can make progress on both sides of the
board! The rest is just an agony.} Qe7 37. f4 Rh8 38. Rxh8 Nxh8 ({Or} 38...
Rxh8 39. b5 $18) 39. Nf3 Ng6 40. f5 Nf8 41. f6 Qd8 (41... gxf6 42. exf6 Qd8 43.
Ne5+ Ke8 44. Qh2 $18) 42. fxg7 Nh7 43. b5 1-0

[Event "WchT 11th"]
[Site "Khanty-Mansiysk"]
[Date "2017.06.19"]
[Round "3.1"]
[White "Ponomariov, Ruslan"]
[Black "Svidler, Peter"]
[Result "1/2-1/2"]
[WhiteElo "2712"]
[BlackElo "2756"]
[PlyCount "72"]
[EventDate "2017.06.17"]
[EventType "team-tourn"]
[EventRounds "9"]
[EventCountry "RUS"]
[SourceTitle "CBM 179"]
[Source "ChessBase"]
[SourceDate "2017.07.12"]
[SourceVersion "1"]
[SourceVersionDate "2017.07.12"]
[SourceQuality "1"]
[WhiteTeam "Ukraine"]
[BlackTeam "Russia"]
[WhiteTeamCountry "UKR"]
[BlackTeamCountry "RUS"]

1. e4 e5 2. Nf3 Nc6 3. Bb5 a6 4. Ba4 Nf6 5. O-O Be7 6. Re1 b5 7. Bb3 O-O 8. d4
d6 9. c3 Bg4 10. Be3 Bh5 11. Nbd2 d5 12. Bg5 exd4 13. exd5 dxc3 14. dxc6 cxd2
15. Qxd2 Qxd2 16. Bxd2 Bd6 17. Nh4 Rad8 18. Bc3 Bg4 19. h3 Bc8 20. Nf3 h6 21.
a4 b4 22. Bxf6 gxf6 23. a5 Rfe8 24. Bc4 Kf8 25. b3 Rxe1+ 26. Rxe1 Bc5 27. Kf1
Rd6 28. Rc1 Ba7 29. Ne1 Rd2 30. Rc2 Rd1 31. Ke2 Ra1 32. Nd3 Rxa5 33. Nxb4 Be6
34. Rd2 Re5+ 35. Kd1 a5 36. Nd5 Bxd5 1/2-1/2

[Event "WchT 11th"]
[Site "Khanty-Mansiysk"]
[Date "2017.06.24"]
[Round "7.1"]
[White "Ponomariov, Ruslan"]
[Black "Vidit, Santosh Gujrathi"]
[Result "1/2-1/2"]
[WhiteElo "2712"]
[BlackElo "2692"]
[PlyCount "190"]
[EventDate "2017.06.17"]
[EventType "team-tourn"]
[EventRounds "9"]
[EventCountry "RUS"]
[SourceTitle "CBM 179"]
[Source "ChessBase"]
[SourceDate "2017.07.12"]
[SourceVersion "1"]
[SourceVersionDate "2017.07.12"]
[SourceQuality "1"]
[WhiteTeam "Ukraine"]
[BlackTeam "India"]
[WhiteTeamCountry "UKR"]
[BlackTeamCountry "IND"]

1. e4 c5 2. Nf3 d6 3. Bb5+ Nd7 4. c3 Ngf6 5. Qe2 a6 6. Ba4 b5 7. Bc2 Bb7 8. d4
e6 9. O-O Be7 10. Nbd2 Qc7 11. Bd3 Nh5 12. g3 Nhf6 13. b3 O-O 14. Bb2 c4 15.
Bc2 cxb3 16. axb3 b4 17. Bd3 bxc3 18. Rac1 Rfc8 19. Rxc3 Qd8 20. Ra1 a5 21.
Rxc8 Qxc8 22. Ne1 Nb6 23. Bb5 Ne8 24. Qe3 d5 25. e5 Nc7 26. Bf1 a4 27. bxa4
Nxa4 28. Ba3 Bxa3 29. Rxa3 Bc6 30. Qb3 Qb7 31. Qc2 Be8 32. Nd3 Qc6 33. Nc5 h6
34. Bd3 Nb6 35. Qa2 Nb5 36. Rxa8 Qxa8 37. Qxa8 Nxa8 38. Ndb3 Nb6 39. f4 Nc4 40.
Kf2 Kf8 41. g4 g6 42. h4 Ke7 43. Kf3 Nb2 44. Bxb5 Bxb5 45. Na5 Ba4 46. Ke3 Bd1
47. g5 hxg5 48. fxg5 Bg4 49. Kd2 Bh5 50. Nd3 Nxd3 51. Kxd3 Bg4 52. Kc3 Bd1 53.
Kb4 Kd7 54. Nb7 Bc2 55. Nd6 Ke7 56. Kb5 Bd1 57. Kc6 Bg4 58. Kc7 Bf3 59. Nc8+
Ke8 60. Kd6 Be2 61. Ne7 Bg4 62. Nc6 Be2 63. Ne7 Bg4 64. Ng8 Bf3 65. Nf6+ Kd8
66. Kc5 Ke7 67. Kb4 Bd1 68. Kc3 Bf3 69. Kd2 Kf8 70. Ke1 Kg7 71. Nd7 Bg2 72. Ke2
Bh3 73. Nf6 Bf5 74. Kd2 Kf8 75. Kc3 Ke7 76. Kb4 Bc2 77. h5 gxh5 78. Nxh5 Bg6
79. Nf6 Kf8 80. Kc5 Kg7 81. Ne8+ Kf8 82. Nd6 Kg7 83. Kc6 Bh5 84. Kd7 Kg6 85.
Ke7 Kg7 86. Nb7 Kg6 87. Nd8 Kg7 88. Nxe6+ fxe6 89. Kxe6 Bf3 90. Kd6 Kg6 91. e6
Kxg5 92. e7 Bh5 93. Kxd5 Kf6 94. Kd6 Be8 95. d5 Kf7 1/2-1/2

[Event "WchT 11th"]
[Site "Khanty-Mansiysk"]
[Date "2017.06.25"]
[Round "8.1"]
[White "Shankland, Samuel L"]
[Black "Ponomariov, Ruslan"]
[Result "1/2-1/2"]
[WhiteElo "2676"]
[BlackElo "2712"]
[PlyCount "55"]
[EventDate "2017.06.17"]
[EventType "team-tourn"]
[EventRounds "9"]
[EventCountry "RUS"]
[SourceTitle "CBM 179"]
[Source "ChessBase"]
[SourceDate "2017.07.12"]
[SourceVersion "1"]
[SourceVersionDate "2017.07.12"]
[SourceQuality "1"]
[WhiteTeam "US of America"]
[BlackTeam "Ukraine"]
[WhiteTeamCountry "USA"]
[BlackTeamCountry "UKR"]

1. e4 e5 2. Nf3 Nc6 3. Bb5 a6 4. Ba4 Nf6 5. O-O Be7 6. Re1 b5 7. Bb3 d6 8. c3
O-O 9. h3 Nb8 10. d4 Nbd7 11. Bc2 c5 12. d5 a5 13. b3 Ne8 14. c4 b4 15. a3 Rb8
16. Kh1 Ndf6 17. Nbd2 g6 18. Nf1 Ng7 19. Be3 Kh8 20. axb4 axb4 21. Qd2 Ng8 22.
Ra7 Rb7 23. Rxb7 Bxb7 24. Ng3 Bc8 25. Ng1 Bh4 26. Nf3 Be7 27. Ng1 Bh4 28. Nf3
1/2-1/2